[Event "Australian op"]
[Site "Cammeray"]
[Date "2013.01.05"]
[Round "4"]
[White "Illingworth, Max"]
[Black "Morris, Michael"]
[Result "1-0"]
[WhiteElo "2408"]
[BlackElo "2168"]
[PlyCount "63"]
[EventDate "2013.01.02"]
[EventType "swiss"]
[EventRounds "11"]
[EventCountry "AUS"]
[SourceTitle "CBM 152 Extra"]
[Source "ChessBase"]
[SourceDate "2013.02.25"]
[SourceVersion "1"]
[SourceVersionDate "2013.02.25"]
[SourceQuality "1"]

1. e4 e6 2. d4 d5 3. Nd2 Nc6 4. Ngf3 Nf6 5. e5 Nd7 6. c3 f6 7. Bb5 fxe5 8. dxe5 Be7 9. Nd4 Ndxe5 10. f4 0-0 11. fxe5 Nxe5 12. Qh5 a6 13. Be2 Bd6 14. Rf1 g6 15. Rxf8+ Qxf8 16. Qh4 Nf7 17. Bg4 c5 18. Nc2 Ne5 19. Be2 Bd7 20. Nf3 Nxf3+ 21. Bxf3 Qf5 22. Ne3 Qe5 23. Kf2 h5 24. Nf1 Rf8 25. Kg1 Qg7 26. Bg5 Bc6 27. Rd1 b5 28. Ne3 b4 29. c4 d4 30. Bxc6 dxe3 31. Qe4 Qf7 32. Bxe3 1-0

[Event "Australian op"]
[Site "Cammeray"]
[Date "2013.01.03"]
[Round "2"]
[White "Davis, Tony J"]
[Black "Morris, Michael"]
[Result "0-1"]
[WhiteElo "1945"]
[BlackElo "2168"]
[PlyCount "80"]
[EventDate "2013.01.02"]
[EventType "swiss"]
[EventRounds "11"]
[EventCountry "AUS"]
[SourceTitle "CBM 152 Extra"]
[Source "ChessBase"]
[SourceDate "2013.02.25"]
[SourceVersion "1"]
[SourceVersionDate "2013.02.25"]
[SourceQuality "1"]

1. Nf3 e6 2. c4 f5 3. g3 Nf6 4. Bg2 d5 5. b3 Bd6 6. Bb2 0-0 7. 0-0 c6 8. e3 Qe7 9. Be5 b5 10. d3 a5 11. a3 Nbd7 12. Bxd6 Qxd6 13. Nd4 Ba6 14. Nc3 b4 15. axb4 axb4 16. Na4 c5 17. Nc2 Ra7 18. f4 Bb7 19. Qe2 dxc4 20. dxc4 Bxg2 21. Kxg2 Ne4 22. Rfd1 Qc7 23. Qd3 Nb6 24. Nxb6 Qxb6 25. Rxa7 Qxa7 26. Kg1 h6 27. Qd7 Qxd7 28. Rxd7 Ra8 29. Re7 Ra2 30. Ne1 Re2 31. Ng2 Rb2 32. h3 Rxb3 33. g4 Rc3 34. Rxe6 b3 35. Rb6 Nd2 36. gxf5 Nxc4 37. Rb8+ Kf7 38. Rb7+ Ke8 39. f6 gxf6 40. e4 b2 0-1

[Event "AUS-ch Major"]
[Site "Cammeray"]
[Date "2011.01.11"]
[Round "9"]
[White "Morris, Michael"]
[Black "Ikeda, Junta"]
[Result "0-1"]
[WhiteElo "2112"]
[BlackElo "2262"]
[PlyCount "156"]
[EventDate "2011.01.02"]
[EventType "swiss"]
[EventRounds "11"]
[EventCountry "AUS"]
[SourceTitle "CBM 140 Extra"]
[Source "ChessBase"]
[SourceDate "2011.03.01"]
[SourceVersion "1"]
[SourceVersionDate "2011.03.01"]
[SourceQuality "1"]

1. f4 g6 2. Nf3 d5 3. e3 Bg7 4. Be2 c5 5. 0-0 Nc6 6. d3 e6 7. c3 Nge7 8. e4 f6 9. Be3 b6 10. a4 Bb7 11. Na3 Qc7 12. Rb1 Rd8 13. Qe1 a5 14. Nb5 Qb8 15. e5 fxe5 16. fxe5 d4 17. cxd4 cxd4 18. Nbxd4 Nxd4 19. Nxd4 Qxe5 20. Bf3 Qxe3+ 21. Qxe3 Bxd4 22. Qxd4 Rxd4 23. Bxb7 Rxa4 24. Rf6 Kd7 25. Re1 Rb4 26. Rfxe6 Nf5 27. R6e4 Rxe4 28. dxe4 Ne7 29. Kf2 Rb8 30. Bd5 Nxd5 31. Rd1 Kc6 32. Rxd5 b5 33. Ke3 a4 34. Kd4 Kb6 35. b4 Rf8 36. Ke5 Re8+ 37. Kf4 a3 38. Rd1 Rf8+ 39. Kg5 Rf2 40. g4 Rb2 41. e5 Rxb4 42. Re1 Ra4 43. e6 Ra8 44. e7 Re8 45. Kf6 b4 46. Kf7 Rxe7+ 47. Kxe7 a2 48. Ra1 b3 49. Kf7 b2 50. Rxa2 b1Q 51. Rf2 Qe4 52. Rf6+ Kc7 53. Kg7 Qxg4 54. Kxh7 Qh5+ 55. Kg7 g5 56. Rh6 Qg4 57. Kg6 Qf4 58. Rh8 g4 59. Rg8 Kd6 60. Kh5 Ke6 61. Rxg4 Qf3 62. Kh4 Kf5 63. Rg5+ Kf4 64. h3 Qe3 65. Rg7 Qe1+ 66. Kh5 Qe8+ 67. Kh6 Kf5 68. Kh7 Kf6 69. h4 Qe4+ 70. Kg8 Qxh4 71. Rf7+ Ke6 72. Rg7 Qh5 73. Rh7 Qg6+ 74. Rg7 Qe8+ 75. Kh7 Kf6 76. Ra7 Qh5+ 77. Kg8 Qd5+ 78. Kh8 Qh1+ 0-1

[Event "AUS-ch Major"]
[Site "Cammeray"]
[Date "2011.01.07"]
[Round "6"]
[White "Morris, Michael"]
[Black "Stead, Kerry"]
[Result "1-0"]
[WhiteElo "2112"]
[BlackElo "2060"]
[PlyCount "95"]
[EventDate "2011.01.02"]
[EventType "swiss"]
[EventRounds "11"]
[EventCountry "AUS"]
[SourceTitle "CBM 140 Extra"]
[Source "ChessBase"]
[SourceDate "2011.03.01"]
[SourceVersion "1"]
[SourceVersionDate "2011.03.01"]
[SourceQuality "1"]

1. f4 g6 2. Nf3 d5 3. d3 Bg7 4. c3 c5 5. Qc2 Nc6 6. e4 Bg4 7. Be2 e6 8. Nbd2 Nge7 9. h3 Bxf3 10. Nxf3 Rc8 11. g4 Qd7 12. Bd1 f5 13. gxf5 exf5 14. e5 d4 15. c4 Nd8 16. Qh2 Ne6 17. Bd2 b6 18. a3 Rc7 19. Qg3 Kd8 20. h4 h5 21. Ng5 Nxg5 22. Qxg5 Qe6 23. Bf3 Bh6 24. Qg3 Qd7 25. Ke2 Rh7 26. Rhc1 Bf8 27. b4 Rg7 28. bxc5 Rxc5 29. Bb4 Ng8 30. Rg1 Qa4 31. Qe1 a5 32. Bxc5 Bxc5 33. Bxh5 Ne7 34. Bf3 Rh7 35. Rh1 Qe8 36. a4 Ng8 37. Qg3 Nf6 38. Kf1 Nh5 39. Bxh5 Rxh5 40. Qf3 Kc7 41. Kg2 Be7 42. Qd5 Bxh4 43. c5 Be7 44. cxb6+ Kb8 45. Rxh5 gxh5 46. Kh2 Qd8 47. Rg1 Bf8 48. Qxa5 1-0

[Event "AUS-ch"]
[Site "Sydney"]
[Date "2010.01.11"]
[Round "9"]
[White "Morris, Michael"]
[Black "Illingworth, Max"]
[Result "0-1"]
[WhiteElo "2016"]
[BlackElo "2248"]
[PlyCount "142"]
[EventDate "2010.01.02"]
[EventType "swiss"]
[EventRounds "11"]
[EventCountry "AUS"]
[SourceTitle "CBM 134 Extra"]
[Source "ChessBase"]
[SourceDate "2010.03.03"]
[SourceVersion "1"]
[SourceVersionDate "2010.03.03"]
[SourceQuality "1"]

1. f4 g6 2. Nf3 Bg7 3. e3 Nh6 4. Be2 0-0 5. 0-0 d5 6. a4 c6 7. d4 Nd7 8. c3 Re8 9. Bd3 Nf6 10. Nbd2 Bf5 11. Qe2 Bxd3 12. Qxd3 Nf5 13. e4 dxe4 14. Nxe4 Qd5 15. Re1 Nxe4 16. Qxe4 e6 17. Qe2 c5 18. dxc5 Qxc5+ 19. Be3 Nxe3 20. Qxe3 Qxe3+ 21. Rxe3 Rad8 22. Kf2 Rd6 23. Rc1 Rc8 24. Re4 Kf8 25. g3 Bf6 26. Ke2 Rcd8 27. Rc4 R6d7 28. Rc2 h6 29. Rd2 g5 30. Rxd7 Rxd7 31. Rc8+ Kg7 32. Nd2 gxf4 33. gxf4 Kg6 34. Ne4 Bg7 35. Nc5 Rd5 36. Rc7 Rh5 37. h3 Rxh3 38. Rxb7 h5 39. Nd3 Rh2+ 40. Nf2 h4 41. Kf3 Bf6 42. Rxa7 h3 43. Rb7 Bh4 44. Ng4 Rd2 45. Ne5+ Kg7 46. Rxf7+ Kg8 47. Rd7 h2 48. Rxd2 h1Q+ 49. Ke3 Qg1+ 50. Kf3 Qg3+ 51. Ke4 Qe1+ 52. Kd3 Bg3 53. Kc2 Qe4+ 54. Kb3 Bxf4 55. Rd8+ Kg7 56. Nc4 Qb7+ 57. Ka3 Qc7 58. Rd4 e5 59. Nxe5 Bxe5 60. Rb4 Kf6 61. Kb3 Bd6 62. Rb5 Qc6 63. Rh5 Kg6 64. Rb5 Kf6 65. Rh5 Qb6+ 66. Rb5 Qa6 67. c4 Qc6 68. a5 Bc5 69. Ka4 Ke5 70. b4 Kd4 71. Kb3 Qf3+ 0-1

[Event "AUS-ch"]
[Site "Sydney"]
[Date "2010.01.09"]
[Round "7"]
[White "Levi, Eddy"]
[Black "Morris, Michael"]
[Result "1-0"]
[WhiteElo "2271"]
[BlackElo "2016"]
[PlyCount "77"]
[EventDate "2010.01.02"]
[EventType "swiss"]
[EventRounds "11"]
[EventCountry "AUS"]
[SourceTitle "CBM 134 Extra"]
[Source "ChessBase"]
[SourceDate "2010.03.03"]
[SourceVersion "1"]
[SourceVersionDate "2010.03.03"]
[SourceQuality "1"]

1. e4 Nc6 2. d4 d5 3. Nc3 dxe4 4. d5 Ne5 5. f3 e6 6. Qd4 Nc6 7. Bb5 exd5 8. Nxd5 Be6 9. fxe4 a6 10. Bxc6+ bxc6 11. Qa4 Bxd5 12. exd5 Qxd5 13. Nf3 Nf6 14. Be3 Bd6 15. 0-0 0-0 16. Qh4 Qe4 17. Bd4 Qxh4 18. Nxh4 Ng4 19. h3 Ne5 20. Rae1 Rfe8 21. b3 f6 22. Nf5 Kf7 23. Re3 Re6 24. g4 h6 25. Kg2 Rae8 26. Rfe1 Ng6 27. Kf3 Rxe3+ 28. Rxe3 Rxe3+ 29. Bxe3 Ne7 30. Nd4 Bc5 31. Nxc6 Nxc6 32. Bxc5 Ke6 33. Ke4 Ne5 34. c4 h5 35. gxh5 f5+ 36. Ke3 f4+ 37. Ke4 f3 38. Bf2 Nd7 39. Kxf3 1-0

[Event "AUS-ch"]
[Site "Sydney"]
[Date "2010.01.02"]
[Round "1"]
[White "Morris, Michael"]
[Black "Feldman, Vladimir"]
[Result "0-1"]
[WhiteElo "2016"]
[BlackElo "2271"]
[PlyCount "82"]
[EventDate "2010.01.02"]
[EventType "swiss"]
[EventRounds "11"]
[EventCountry "AUS"]
[SourceTitle "CBM 134 Extra"]
[Source "ChessBase"]
[SourceDate "2010.03.03"]
[SourceVersion "1"]
[SourceVersionDate "2010.03.03"]
[SourceQuality "1"]

1. e4 c5 2. Nf3 d6 3. d4 cxd4 4. Qxd4 Nc6 5. Bb5 Bd7 6. Bxc6 Bxc6 7. Nc3 Nf6 8. Bg5 e6 9. 0-0-0 Be7 10. Qd3 Qa5 11. Kb1 0-0 12. h4 Rac8 13. Nd4 Rfd8 14. f4 Qc7 15. f5 e5 16. Bxf6 Bxf6 17. Nb3 b5 18. Rd2 Qb6 19. Qe2 a5 20. Nd5 Bxd5 21. Rxd5 Rc4 22. Nxa5 Rc5 23. Nb3 Rxd5 24. exd5 Ra8 25. g4 Ra4 26. g5 Rxh4 27. Rf1 Bxg5 28. Nd2 Bxd2 29. Qxd2 f6 30. a3 Rg4 31. Qc3 Rc4 32. Qh3 Rc7 33. Qh5 Re7 34. Rf3 Qg1+ 35. Ka2 Qd1 36. Rh3 Qxh5 37. Rxh5 g6 38. fxg6 hxg6 39. Rh2 e4 40. Kb3 f5 41. c4 e3 0-1

[Event "AUS-ch"]
[Site "Parramatta"]
[Date "2008.01.04"]
[Round "5"]
[White "Oliver, Gareth"]
[Black "Morris, Michael"]
[Result "1/2-1/2"]
[WhiteElo "2164"]
[BlackElo "1985"]
[PlyCount "87"]
[EventDate "2008.01.02"]
[EventType "swiss"]
[EventRounds "11"]
[EventCountry "AUS"]
[SourceTitle "CBM 122 Extra"]
[Source "ChessBase"]
[SourceDate "2008.03.04"]
[SourceVersion "1"]
[SourceVersionDate "2008.03.04"]
[SourceQuality "1"]

1. d4 Nf6 2. c4 c5 3. d5 e6 4. Nc3 exd5 5. cxd5 d6 6. e4 g6 7. f4 Bg7 8. Nf3 0-0 9. Be2 Re8 10. Nd2 Nbd7 11. 0-0 a6 12. a4 Qc7 13. g4 h6 14. h4 Rb8 15. g5 hxg5 16. hxg5 Nh7 17. Bd3 Ndf8 18. a5 Qe7 19. Nf3 f6 20. Qe1 fxg5 21. fxg5 Bh3 22. Rf2 Bg4 23. Nh2 Bh5 24. Rg2 Nd7 25. Qh4 Rf8 26. Be2 Bxc3 27. bxc3 Bxe2 28. Rxe2 Ne5 29. Kg2 Rf7 30. Be3 Rbf8 31. Rh1 Qd7 32. Qh3 Qe7 33. Ng4 Nxg4 34. Qxg4 Qe5 35. Qe6 Qxe6 36. dxe6 Re7 37. Rb2 Rb8 38. Rhb1 Rxe6 39. Rxb7 Rxb7 40. Rxb7 Rxe4 41. Kf3 Ra4 42. Rb8+ Kf7 43. Rb7+ Kg8 44. Rb8+ 1/2-1/2

[Event "Australian op"]
[Site "Tuggeranong"]
[Date "2007.01.07"]
[Round "9"]
[White "Morris, Michael"]
[Black "Johansen, Darryl Keith"]
[Result "0-1"]
[WhiteElo "1819"]
[BlackElo "2458"]
[PlyCount "79"]
[EventDate "2006.12.28"]
[EventType "swiss"]
[EventRounds "11"]
[EventCountry "AUS"]
[SourceTitle "CBM 116 Extra"]
[Source "ChessBase"]
[SourceDate "2007.03.07"]
[SourceVersion "1"]
[SourceVersionDate "2007.03.07"]
[SourceQuality "1"]

1. e4 c5 2. Nf3 Nc6 3. Bb5 Na5 4. c3 a6 5. Ba4 e6 6. d4 cxd4 7. cxd4 Nf6 8. e5 Nd5 9. 0-0 b5 10. Bc2 Bb7 11. Bg5 Be7 12. Bxe7 Qxe7 13. Nbd2 f5 14. exf6 Nxf6 15. Ng5 0-0 16. Nde4 Nxe4 17. Nxe4 Nc4 18. b3 Nb6 19. a4 b4 20. Nc5 Bc6 21. Bd3 a5 22. Qc2 h6 23. Rae1 Rac8 24. Bh7+ Kh8 25. Be4 Nd5 26. Bxd5 Bxd5 27. Qd2 Qf7 28. Re3 d6 29. Ne4 Rc6 30. Rf3 Qe7 31. Rxf8+ Qxf8 32. Qe3 Qc8 33. h3 Kg8 34. Re1 Qc7 35. Qd3 Rc1 36. Qe3 Rxe1+ 37. Qxe1 Bxb3 38. Qa1 Qc6 39. Nd2 Bd5 40. g3 0-1

[Event "Australian Junior Masters"]
[Site "Sydney"]
[Date "2005.07.07"]
[Round "7"]
[White "Morris, Michael"]
[Black "Ikeda, Junta"]
[Result "0-1"]
[WhiteElo "2130"]
[BlackElo "1999"]
[PlyCount "62"]
[EventDate "2005.06.29"]
[EventType "tourn"]
[EventRounds "9"]
[EventCountry "AUS"]
[SourceTitle "CBM 107 Extra"]
[Source "ChessBase"]
[SourceDate "2005.09.01"]
[SourceVersion "1"]
[SourceVersionDate "2005.09.01"]
[SourceQuality "1"]

1. e4 c5 2. Nf3 e6 3. d3 Nc6 4. Nbd2 g6 5. g3 Bg7 6. Bg2 Nge7 7. 0-0 0-0 8. c3 e5 9. Ng5 h6 10. Nh3 d6 11. f4 f5 12. fxe5 dxe5 13. Nf2 f4 14. g4 g5 15. Nf3 Ng6 16. b3 Be6 17. h3 Qe7 18. Qe2 b5 19. Bb2 Rad8 20. Rfd1 a5 21. d4 exd4 22. cxd4 cxd4 23. Qxb5 Nge5 24. Nxe5 Nxe5 25. Qxa5 f3 26. Bh1 Nc6 27. Ba3 Qb7 28. Qd2 Rf7 29. Bb2 Qb8 30. Kf1 Bc8 31. Rac1 Ba6+ 0-1

[Event "Australian Junior Masters"]
[Site "Sydney"]
[Date "2005.07.07"]
[Round "8"]
[White "Wongwichit, Phachara"]
[Black "Morris, Michael"]
[Result "1/2-1/2"]
[WhiteElo "2030"]
[BlackElo "2130"]
[PlyCount "25"]
[EventDate "2005.06.29"]
[EventType "tourn"]
[EventRounds "9"]
[EventCountry "AUS"]
[SourceTitle "CBM 107 Extra"]
[Source "ChessBase"]
[SourceDate "2005.09.01"]
[SourceVersion "1"]
[SourceVersionDate "2005.09.01"]
[SourceQuality "1"]

1. e4 Nc6 2. Nc3 Nf6 3. d4 d6 4. Bb5 Bd7 5. f4 e5 6. d5 Nd4 7. Bxd7+ Qxd7 8. Be3 Nb5 9. Nge2 Nxc3 10. Nxc3 Ng4 11. Qf3 Nxe3 12. Qxe3 exf4 13. Qxf4 1/2-1/2

[Event "Australian Junior Masters"]
[Site "Sydney"]
[Date "2005.07.06"]
[Round "5"]
[White "Morris, Michael"]
[Black "Zvedeniouk, Ilya"]
[Result "0-1"]
[WhiteElo "2130"]
[BlackElo "2160"]
[PlyCount "78"]
[EventDate "2005.06.29"]
[EventType "tourn"]
[EventRounds "9"]
[EventCountry "AUS"]
[SourceTitle "CBM 107 Extra"]
[Source "ChessBase"]
[SourceDate "2005.09.01"]
[SourceVersion "1"]
[SourceVersionDate "2005.09.01"]
[SourceQuality "1"]

1. e4 e6 2. Nf3 d5 3. Nc3 Bb4 4. e5 c5 5. d4 Nc6 6. a3 Ba5 7. b4 cxd4 8. Nb5 Bc7 9. Nxc7+ Qxc7 10. Bb5 Bd7 11. Bxc6 Bxc6 12. 0-0 Ne7 13. Qxd4 Bb5 14. Re1 Qxc2 15. Bg5 Nf5 16. Qg4 h5 17. Qf4 Qc4 18. Qd2 0-0 19. a4 Bd7 20. Rec1 Qa6 21. b5 Qb6 22. Nh4 Nxh4 23. Bxh4 Rfc8 24. Bf6 gxf6 25. exf6 Qd6 26. Qh6 Qf8 27. Qg5+ Kh7 28. Qxh5+ Qh6 29. Qxf7+ Kh8 30. Re1 Qh7 31. Qxh7+ Kxh7 32. Ra3 Kg6 33. Rh3 Rh8 34. Rc3 Rac8 35. Rf3 Rhf8 36. h4 Rxf6 37. Rg3+ Kh6 38. Re5 Rc1+ 39. Kh2 Rc4 0-1

[Event "Doeberl Cup Major 43rd"]
[Site "Canberra"]
[Date "2005.03.28"]
[Round "7"]
[White "Grcic, Milan"]
[Black "Morris, Michael"]
[Result "0-1"]
[WhiteElo "1849"]
[BlackElo "1904"]
[PlyCount "130"]
[EventDate "2005.03.25"]
[EventType "swiss"]
[EventRounds "7"]
[EventCountry "AUS"]
[SourceTitle "EXT 2009"]
[Source "ChessBase"]
[SourceDate "2008.11.26"]
[SourceVersion "1"]
[SourceVersionDate "2008.11.26"]
[SourceQuality "1"]

1. d4 c5 2. c3 b6 3. Nf3 Nf6 4. Bf4 e6 5. e3 Bb7 6. Nbd2 d5 7. h3 Nc6 8. Be2 Bd6 9. Bxd6 Qxd6 10. Qa4 0-0 11. dxc5 bxc5 12. Qh4 e5 13. Rd1 Qe7 14. 0-0 e4 15. Nh2 Nd7 16. Qxe7 Nxe7 17. Nb3 Rfc8 18. Rd2 Nb6 19. Na5 Rc7 20. Nxb7 Rxb7 21. Rc1 c4 22. b3 cxb3 23. axb3 Nd7 24. c4 Nc5 25. cxd5 Nxb3 26. Rb1 Rab8 27. Rdd1 Nd4 28. Rxb7 Nxe2+ 29. Kf1 Rxb7 30. Kxe2 Rd7 31. d6 Nf5 32. Rc1 Nxd6 33. Ng4 f6 34. f3 Kf7 35. Nf2 exf3+ 36. gxf3 a5 37. Rd1 Ke7 38. Ra1 Ra7 39. Ra4 Kd7 40. Nd1 Kc6 41. Kd3 Nb5 42. Nb2 Nd6 43. e4 Rb7 44. Kc3 Rb5 45. Nd3 Rh5 46. e5 Nb5+ 47. Kd2 Kb6 48. e6 Rd5 49. Ke3 Rd6 50. Re4 Nc7 51. e7 Ne8 52. Nb2 Rd7 53. Na4+ Kb5 54. Nc3+ Kc6 55. Na4 Rd1 56. Kf4 Rd5 57. Nc3 g5+ 58. Kg3 Re5 59. Ra4 Kd7 60. Ne4 Kxe7 61. Nd2 Nd6 62. Nb3 Nb7 63. f4 Re3+ 64. Kg4 Rxb3 65. fxg5 Rb4+ 0-1

[Event "Doeberl Cup Major 43rd"]
[Site "Canberra"]
[Date "2005.03.26"]
[Round "3"]
[White "Morris, Michael"]
[Black "Schon, Eugene"]
[Result "1-0"]
[WhiteElo "1904"]
[BlackElo "1343"]
[PlyCount "59"]
[EventDate "2005.03.25"]
[EventType "swiss"]
[EventRounds "7"]
[EventCountry "AUS"]
[SourceTitle "EXT 2009"]
[Source "ChessBase"]
[SourceDate "2008.11.26"]
[SourceVersion "1"]
[SourceVersionDate "2008.11.26"]
[SourceQuality "1"]

1. e4 e5 2. f4 exf4 3. Nf3 g5 4. h4 g4 5. Ne5 h5 6. Bc4 d5 7. Bxd5 Nh6 8. d4 c6 9. Bb3 Be7 10. Bxf4 Bxh4+ 11. g3 Bg5 12. Rxh5 Bxf4 13. gxf4 g3 14. c3 Qf6 15. Qf3 Qg7 16. Rg5 Qh7 17. Rxg3 Nd7 18. Nd2 Nxe5 19. fxe5 Bg4 20. Rxg4 Nxg4 21. Qxg4 Rg8 22. Qf4 c5 23. 0-0-0 cxd4 24. Nc4 dxc3 25. Nd6+ Kf8 26. Bxf7 cxb2+ 27. Kb1 Ke7 28. Qf6+ Kd7 29. Ne8+ Kc8 30. Rd8# 1-0